Detalles MARC
| 000 -CABECERA |
| campo de control de longitud fija |
02101nam a2200241 a 4500 |
| 001 - NÚMERO DE CONTROL |
| campo de control |
000048674 |
| 005 - FECHA Y HORA DE LA ÚLTIMA TRANSACCIÓN |
| campo de control |
20201002061323.0 |
| 008 - DATOS DE LONGITUD FIJA--INFORMACIÓN GENERAL |
| campo de control de longitud fija |
190408s2016 dr ac 000 0 spa d |
| 020 ## - NÚMERO INTERNACIONAL ESTÁNDAR DEL LIBRO |
| Número Internacional Estándar del Libro |
9789945084238 (v.1) |
| 020 ## - NÚMERO INTERNACIONAL ESTÁNDAR DEL LIBRO |
| Número Internacional Estándar del Libro |
9789945085815 (v.2) |
| 020 ## - NÚMERO INTERNACIONAL ESTÁNDAR DEL LIBRO |
| Número Internacional Estándar del Libro |
9789945085969 (v.3) |
| 020 ## - NÚMERO INTERNACIONAL ESTÁNDAR DEL LIBRO |
| Número Internacional Estándar del Libro |
9789945085839 (v.4) |
| 040 ## - FUENTE DE LA CATALOGACIÓN |
| Centro catalogador/agencia de origen |
DO-SdBNP |
| Lengua de catalogación |
spa |
| Centro/agencia transcriptor |
BNPHU |
| 082 ## - NÚMERO DE LA CLASIFICACIÓN DECIMAL DEWEY |
| Número de clasificación |
xx |
| Número de documento/Ítem |
xx |
| 100 1# - ENTRADA PRINCIPAL--NOMBRE DE PERSONA |
| Nombre de persona |
Jiménez Ramírez, Luz Ángeles |
| 9 (RLIN) |
76116 |
| 245 10 - MENCIÓN DE TÍTULO |
| Título |
Academia de educación financiera / |
| Mención de responsabilidad, etc. |
Luz Ángeles Jiménez Ramírez; colaborador Miguel Ángel Jiménez. |
| 260 ## - PUBLICACIÓN, DISTRIBUCIÓN, ETC. |
| Lugar de publicación, distribución, etc. |
Santo Domingo : |
| Nombre del editor, distribuidor, etc. |
Banco Central, |
| Fecha de publicación, distribución, etc. |
2016. |
| 300 ## - DESCRIPCIÓN FÍSICA |
| Extensión |
4v. : |
| Otras características físicas |
ils., retrs. ; |
| Dimensiones |
29 cm. |
| 505 0# - NOTA DE CONTENIDO CON FORMATO |
| Nota de contenido con formato |
v. 2 : el dinero y la banca -- |
| Título |
Productos bancarios de captaciones -- |
| -- |
Productos bancarios de colacociones -- |
| -- |
Lo que no puede hacer con el dinero -- |
| -- |
Ingesos, gastos, ahorro e inversión -- |
| -- |
Inteligencia financiera -- |
| -- |
Estados financieros -- |
| -- |
Planificación financieras -- |
| -- |
Planificación extratégica -- |
| -- |
Ruta para alcanzar el éxito personal -- |
| -- |
Bibliografía. |
| Información miscelánea |
v. 1 : |
| Título |
Historia del comercio -- |
| -- |
etapas del desarrollo económico en la humanidad -- |
| -- |
El dinero -- |
| -- |
Ingresos -- |
| -- |
Ahorro-- |
| -- |
Gastos personales -- |
| -- |
Inversión -- |
| -- |
Finanzas personales -- |
| -- |
Notas. |
| -- |
Bibliografía. |
| Información miscelánea |
v. 3 : |
| Título |
Desarrollo de la globalización, internet, comercio electrónico y redes sociales -- |
| -- |
Generación de ingresos -- |
| -- |
La banca en la República Dominicana -- |
| -- |
Generación de ingresos -- |
| -- |
Medios de pago-- |
| -- |
Modalidades de crédito -- |
| -- |
Manejo de las deudas -- |
| -- |
Bosa de valores -- |
| -- |
Deduciones fiscales -- |
| -- |
Inflación -- |
| -- |
El emprendimiento. |
| Información miscelánea |
v. 4 : |
| Título |
Administración del dinero -- |
| -- |
Ingesos y gastos -- |
| -- |
Impuestos en la República Dominicana -- |
| -- |
Activo, pasivos y capital -- |
| -- |
Planificación financiera y su relación con los estados financiero-- |
| -- |
Ahorro e inversiones como elementos claves para la libertad financiera -- |
| -- |
Inteligencia financiera -- |
| -- |
El empleo -- |
| -- |
Ser emprendedor o empresario -- |
| -- |
La empresa -- |
| -- |
Inclusión financiera. |
| 504 ## - NOTA DE BIBLIOGRAFÍA, ETC. |
| Nota de bibliografía, etc. |
Bibliografía : p. 93-94 |
| 590 ## - NOTA LOCAL (RLIN) |
| Nota local |
Inventariado, 2019/VM |
| 700 1# - PUNTO DE ACCESO ADICIONAL--NOMBRE DE PERSONA |
| Nombre de persona |
Jiménez, Miguel Ángel |
| Término indicativo de función/relación |
colaborador |
| 9 (RLIN) |
25134 |